=LDR 00000nam 2200000 4500 =001 INLIS000000000057078 =005 20201126103252 =035 ##$$a 0010-1120000149 =007 ta =008 201126###########################0###### =020 ##$$a 978-602-8487-55-9 =082 ##$$a 641.395 986 =084 ##$$a 641.395 986 Ntb n =245 1#$$a NTB Pusat Pangan Halal Dunia /$c Badrul Munir =250 ##$$a cet. 1 =300 ##$$a xi, 254 halaman : $b ilus ; $c 21 cm =700 #$$a Prof. Dr. Ir. Rokhmin Dahuri, MS =600 #4$$a Makanan Halal - NTB =264 ##$$a Mataram :$b Regional Institute 104,$c 2016 =336 ##$$a Teks$2 rdacontent =337 ##$$a Buku$2 rdamedia =338 ##$$a lain-lain$2 rdacarrier =990 ##$$a 07790779 =990 ##$$a 250/47/2018